000
00204 a2200097 4500
020
_a
9780811862509
041
_a
eng
100
_a
Annie Barrows
245
_a
Ivy Bean Break the Fossil Record
942
_c
BK
999
_c
29029
_d
29027